Giáo trình bảo vệ thực vật

Gardado en:
Detalles Bibliográficos
Autor Principal: Lê, Lương Tề
Formato: Libro
Idioma:Undetermined
Publicado: Hà Nội Nhà xuất bản Hà Nội 2005
Những chủ đề:
Các nhãn: Engadir etiqueta
Sen Etiquetas, Sexa o primeiro en etiquetar este rexistro!
Thư viện lưu trữ: Trung tâm Học liệu Trường Đại học Cần Thơ
LEADER 00529nam a2200181Ia 4500
001 CTU_122207
008 210402s9999 xx 000 0 und d
020 |c 38000 
082 |a 632.9 
082 |b T250/P1 
100 |a Lê, Lương Tề 
245 0 |a Giáo trình bảo vệ thực vật 
245 0 |c Lê Lương Tề 
260 |a Hà Nội 
260 |b Nhà xuất bản Hà Nội 
260 |c 2005 
650 |a plants, protection of 
980 |a Trung tâm Học liệu Trường Đại học Cần Thơ